000 00598nam a2200229Ia 4500
003 OSt
005 20221007072347.0
006 a|||||r|||| 00| 0
007 ta
008 221006b |||||||| |||| 00| 0 eng d
024 _a16,074
037 _cTextual
040 _aFLL
_cFLL
_beng
041 _2eng
_aeng
082 _aX724:32:Z, J0
100 _aKoch F.E.
_9348859
245 0 _aDouble taxation conventions
260 _aLondon
_bStevens & Sons Ltd. London
_c1950
300 _a185p
_ccm.
942 _hX724:32:Z, J0
_cTEXL
_2CC
999 _c1145858
_d1145858